000 01365nab a2200241 i 4500
001 768714001
003 CO-MdFUSB
005 20260305162407.0
008 240620t1992 us ||||| |||| 00| 0 eng d
040 _bspa
_cCO-MdFUSB
_dCO-MdFUSB
041 _aeng
100 _aBergant, Dianne,
_eautor
245 1 _aViolence and God :
_ba Bible study
_c/ Dianne Bergant CSA
520 _aCon demasiada frecuencia los misioneros se encuentran en situaciones de conflicto y violencia ocasionadas por realidades sociales y políticas multifacéticas. Si bien las enseñanzas de las Escrituras sobre la paz pueden ser útiles en algunas situaciones, el retrato bíblico de un Dios instigador de la guerra plantea serias preguntas. El presente estudio bíblico examina esta caracterización de Dios tal como se encuentra en el Salmo 24 y ofrece ideas sobre las formas en que podría desafiar a los creyentes contemporáneos.
546 _aTexto en inglés.
630 0 7 _aBiblia.
_pSalmos
_xCrítica, interpretación, etc.
650 7 _aHermenéutica bíblica
_97333
650 7 _aDios
_xEnseñanza bíblica
_9323
650 0 _aIglesia y problemas sociales
_91177
773 0 _049486
_982784
_d Pasadena
_oR2659
_tMissiology:
_w(CO-MdFUSB)97
_gVolumen 20, (número1, 1992) páginas: 45 - 54
_qpágina: 45
942 _cANA
945 _aCatherine Arias Álvarez - Practicante SENA
999 _c70311
_d70311